[Event "Ottawa Reserves"]
[Site "Ottawa"]
[Date "2001.10.28"]
[Round "5"]
[White "De Kerpel, Stijn"]
[Black "Devenport, Martin"]
[Result "1/2-1/2"]
[WhiteElo "2159"]
[BlackElo "2206"]
[PlyCount "67"]
[EventDate "2001.10.14"]
[EventType "tourn"]
[EventRounds "6"]
[EventCountry "CAN"]
[SourceTitle "EXT 2022"]
[Source "ChessBase"]
[SourceDate "2021.10.06"]
[SourceVersion "1"]
[SourceVersionDate "2021.10.06"]
[SourceQuality "1"]

1. c4 c6 2. g3 d5 3. Bg2 Nf6 4. Nf3 Bf5 5. cxd5 cxd5 6. Qb3 Qb6 7. Qxb6 axb6 8. Nc3 Nc6 9. Nh4 Be6 10. Nb5 Ra5 11. a4 Nb4 12. 0-0 Nc2 13. Rb1 Bd7 14. d3 Bxb5 15. axb5 e6 16. Bf4 Nd4 17. Kh1 Nxe2 18. Be3 Bc5 19. b4 Bxe3 20. bxa5 Bd4 21. Nf3 Bc5 22. Rfe1 Nd4 23. axb6 Kd7 24. Ne5+ Ke7 25. h3 Bxb6 26. Rb2 Ra8 27. Kg1 Nd7 28. Nf3 Ra3 29. Rd1 Nxf3+ 30. Bxf3 Bd4 31. Rb4 Bc5 32. Rb2 Bd4 33. Rb4 Bc5 34. Rb2 1/2-1/2

[Event "Ottawa RA Spring op"]
[Site "Ottawa"]
[Date "1994.03.12"]
[Round "1"]
[White "Devenport, Martin"]
[Black "Brodie, Hugh"]
[Result "1/2-1/2"]
[WhiteElo "2260"]
[BlackElo "2060"]
[PlyCount "60"]
[EventDate "1994.03.12"]
[EventType "swiss"]
[EventRounds "5"]
[EventCountry "CAN"]
[SourceTitle "EXT 2022"]
[Source "ChessBase"]
[SourceDate "2021.10.06"]
[SourceVersion "1"]
[SourceVersionDate "2021.10.06"]
[SourceQuality "1"]

1. g3 d5 2. Bg2 e6 3. c4 c6 4. Nf3 Nd7 5. 0-0 Bd6 6. d4 Ngf6 7. Nc3 0-0 8. Nd2 Bc7 9. e4 dxe4 10. Ndxe4 Qe7 11. Re1 Rd8 12. Bg5 h6 13. Bh4 g5 14. Nxg5 hxg5 15. Bxg5 Qf8 16. Ne4 Qg7 17. Qf3 Nxe4 18. Rxe4 f5 19. Rxe6 Qxg5 20. h4 Qg4 21. Qe3 Nf8 22. Bf3 Qxd4 23. Qg5+ Qg7 24. Qxg7+ Kxg7 25. Re7+ Kf6 26. Rxc7 Ne6 27. Rh7 Kg6 28. Re7 Kf6 29. Rh7 Kg6 30. Re7 Kf6 1/2-1/2